[Event "IRQ-ch"]
[Site "Sulaymaniyah"]
[Date "2023.10.26"]
[Round "2"]
[White "Moazaz, Dhahir Habeeb"]
[Black "Al Ali, Hussein Ali Hussein"]
[Result "0-1"]
[WhiteElo "2089"]
[BlackElo "2192"]
[PlyCount "60"]
[EventDate "2023.10.25"]
[EventType "tourn"]
[EventRounds "11"]
[EventCountry "IRQ"]
[SourceTitle "CBM 216 Extra"]
[Source "ChessBase"]
[SourceDate "2023.11.30"]
[SourceVersion "1"]
[SourceVersionDate "2023.11.30"]
[SourceQuality "1"]

1. Nf3 Nf6 2. c4 e6 3. g3 d5 4. Bg2 Be7 5. 0-0 0-0 6. b3 c5 7. cxd5 Nxd5 8. Bb2 Nc6 9. d3 b6 10. Nc3 Nc7 11. a3 Rb8 12. Qc2 Bb7 13. e3 Bf6 14. Rfd1 Qe7 15. Nd2 g6 16. h4 e5 17. Rac1 Rfd8 18. Ne2 Rbc8 19. Qb1 Ne6 20. Nc4 Bg7 21. Qa1 f6 22. a4 Nb4 23. Bxb7 Qxb7 24. d4 Qf3 25. dxe5 fxe5 26. Nc3 Nd3 27. Rc2 Nxb2 28. Nxb2 e4 29. Qc1 g5 30. Nc4 Bxc3 0-1

[Event "Arab-ch U18"]
[Site "Baghdad"]
[Date "2022.03.16"]
[Round "8"]
[White "Moazaz, Dhahir Habeeb"]
[Black "Radwan, Mahmoud J"]
[Result "1-0"]
[WhiteElo "2109"]
[BlackElo "1431"]
[PlyCount "103"]
[EventDate "2022.03.10"]
[EventType "swiss"]
[EventRounds "9"]
[EventCountry "IRQ"]
[SourceTitle "EXT 2023"]
[Source "ChessBase"]
[SourceDate "2022.10.05"]
[SourceVersion "1"]
[SourceVersionDate "2022.10.05"]
[SourceQuality "1"]

1. c4 Nf6 2. g3 g6 3. Bg2 Bg7 4. Nc3 0-0 5. e3 d6 6. Nge2 e5 7. 0-0 Nc6 8. d4 exd4 9. Nxd4 Nxd4 10. exd4 Rb8 11. Bf4 Be6 12. b3 Nh5 13. Be3 Nf6 14. d5 Bf5 15. Bxa7 Ra8 16. Bd4 Re8 17. Nb5 Be4 18. f3 Bf5 19. Nc3 c5 20. dxc6 bxc6 21. g4 c5 22. Bf2 Bc8 23. Qd2 Bb7 24. Rad1 h5 25. g5 Nh7 26. h4 Bxc3 27. Qxc3 Rxa2 28. Rfe1 Rxe1+ 29. Qxe1 Qb6 30. Rd3 Nf8 31. Bg3 d5 32. Qe7 Bc6 33. Bd6 Ne6 34. Qf6 d4 35. Be5 Kf8 36. Qh8+ Ke7 37. Bf6+ Kd7 38. Qg8 Ra1+ 39. Bf1 Nd8 40. b4 Qb8 41. Qxd8+ Qxd8 42. Bxd8 Kxd8 43. bxc5 Kc7 44. Kf2 Rc1 45. Rxd4 Bxf3 46. Rf4 Bd1 47. Rxf7+ Kd8 48. c6 Bg4 49. Rf6 Bf5 50. Rxf5 gxf5 51. g6 Rc2+ 52. Be2 1-0

[Event "Online Olym Div3 C"]
[Site "Chess.com INT"]
[Date "2020.08.09"]
[Round "8.4"]
[White "Sameer, Loay"]
[Black "Moazaz, Dhahir Habeeb"]
[Result "1-0"]
[WhiteElo "2197"]
[BlackElo "2001"]
[PlyCount "103"]
[EventDate "2020.08.07"]
[EventType "team-tourn (rapid)"]
[EventRounds "9"]
[EventCountry "USA"]
[SourceTitle "CBM 198"]
[Source "ChessBase"]
[SourceDate "2020.10.31"]
[SourceVersion "1"]
[SourceVersionDate "2020.10.31"]
[SourceQuality "1"]
[WhiteTeam "Jordan"]
[BlackTeam "Iraq"]
[WhiteTeamCountry "JOR"]
[BlackTeamCountry "IRQ"]

1. Nf3 Nf6 2. g3 d5 3. Bg2 c6 4. 0-0 Bf5 5. d3 e6 6. Nbd2 Be7 7. b3 Nbd7 8. Bb2 h6 9. Qe1 0-0 10. e4 dxe4 11. dxe4 Bh7 12. Qe2 Qc7 13. Rfe1 Nc5 14. Ne5 a5 15. a3 Rfd8 16. Nd3 b5 17. Nxc5 Bxc5 18. Bxf6 gxf6 19. Qg4+ Kh8 20. Nf3 Qa7 21. Re2 Qe7 22. Qh5 Kg7 23. Qg4+ Bg6 24. h4 h5 25. Qf4 e5 26. Qc1 Rd6 27. Ne1 Rad8 28. Nd3 Bd4 29. Rb1 Bc3 30. Qe3 Bd4 31. Qd2 Bb6 32. b4 Qa7 33. Qc3 Bd4 34. Qe1 axb4 35. axb4 Qa3 36. Kh2 Re8 37. f4 exf4 38. gxf4 Rde6 39. Bf3 f5 40. e5 f6 41. Qg3 Kf7 42. Rg2 fxe5 43. Bxh5 Rg8 44. Nxe5+ Bxe5 45. Qxa3 Bxf4+ 46. Kh1 Bxh5 47. Rxg8 Kxg8 48. Rf1 Re4 49. Qa8+ Kf7 50. Qxc6 Bg4 51. Rxf4 Rxf4 52. Qc7+ 1-0

[Event "World ol U16"]
[Site "Corum"]
[Date "2019.11.04"]
[Round "8.18"]
[White "Moazaz, Dhahir Habeeb"]
[Black "Haring, Filip"]
[Result "0-1"]
[WhiteElo "2087"]
[BlackElo "2294"]
[PlyCount "112"]
[EventDate "2019.10.29"]
[EventType "team-swiss"]
[EventRounds "9"]
[EventCountry "TUR"]
[SourceTitle "CBM 192 Extra"]
[Source "Chessbase"]
[SourceDate "2019.11.06"]
[SourceVersion "1"]
[SourceVersionDate "2019.11.06"]
[SourceQuality "1"]
[WhiteTeam "Iraq"]
[BlackTeam "Slovakia"]
[WhiteTeamCountry "IRQ"]
[BlackTeamCountry "SVK"]

1. c4 Nf6 2. Nf3 e6 3. g3 d5 4. Bg2 Be7 5. 0-0 0-0 6. b3 c5 7. cxd5 Nxd5 8. Bb2 Bf6 9. Bxf6 Qxf6 10. Na3 Nc6 11. Nc4 b5 12. Nd6 Ba6 13. Rc1 Qe7 14. Ne4 c4 15. bxc4 bxc4 16. Qa4 Nb8 17. Ne5 f5 18. Nc3 Nb6 19. Qc2 Bb7 20. d3 Bxg2 21. Kxg2 cxd3 22. Qxd3 N8d7 23. Nc6 Qf6 24. Qd6 Rf7 25. Rfd1 f4 26. Ne4 Qg6 27. Nc3 Re8 28. Qd3 Qh5 29. Ne4 Ref8 30. Rf1 Nd5 31. Qf3 fxg3 32. Qxh5 Nf4+ 33. Kg1 gxf2+ 34. Rxf2 Nxh5 35. Rxf7 Rxf7 36. e3 a6 37. Ng5 Rf6 38. Rd1 Nf8 39. Rd8 g6 40. Ne4 Rf7 41. Nc5 Kg7 42. Nxa6 Nf6 43. Ne5 Ra7 44. Rd6 Ne4 45. Rb6 Nd7 46. Nxd7 Rxd7 47. Rb2 Rd3 48. Nc7 Kf7 49. a4 Ra3 50. Rb7 Kf6 51. Ne8+ Kg5 52. Ng7 Kg4 53. Nxe6 Ra1+ 54. Kg2 Ra2+ 55. Kg1 Kf3 56. Rb1 Rg2+ 0-1

[Event "World ol U16"]
[Site "Corum"]
[Date "2019.11.01"]
[Round "5.12"]
[White "Moazaz, Dhahir Habeeb"]
[Black "Itgelt, Khuyagtsogt"]
[Result "1/2-1/2"]
[WhiteElo "2087"]
[BlackElo "2160"]
[PlyCount "115"]
[EventDate "2019.10.29"]
[EventType "team-swiss"]
[EventRounds "9"]
[EventCountry "TUR"]
[SourceTitle "CBM 192 Extra"]
[Source "Chessbase"]
[SourceDate "2019.11.06"]
[SourceVersion "1"]
[SourceVersionDate "2019.11.06"]
[SourceQuality "1"]
[WhiteTeam "Iraq"]
[BlackTeam "Mongolia"]
[WhiteTeamCountry "IRQ"]
[BlackTeamCountry "MGL"]

1. c4 Nf6 2. g3 c6 3. Bg2 d5 4. Nf3 Bg4 5. 0-0 e6 6. b3 Be7 7. Bb2 0-0 8. d3 Nbd7 9. Nbd2 Qc7 10. Qc2 Rfe8 11. a3 a5 12. Rac1 h6 13. Rfe1 Rad8 14. Qb1 Qb6 15. Qa1 Bc5 16. d4 Bf8 17. Bc3 Bf5 18. Qb2 Ra8 19. Ne5 Nxe5 20. dxe5 Nd7 21. cxd5 exd5 22. e4 dxe4 23. Nxe4 Nc5 24. Nxc5 Qxc5 25. b4 Qb6 26. Bd4 Qb5 27. Bc5 Bxc5 28. Rxc5 Qb6 29. Be4 Bxe4 30. Rxe4 axb4 31. axb4 Rad8 32. Rc1 Rd5 33. Qe2 Re6 34. Ra1 Qd8 35. Kg2 Kh7 36. Re1 Kg8 37. Ra1 Kh7 38. Re1 Qe7 39. f4 Qd8 40. Qf3 Rd2+ 41. R1e2 Re7 42. Rxd2 Qxd2+ 43. Qe2 Rd7 44. Qxd2 Rxd2+ 45. Kf3 Kg8 46. Rc4 Rb2 47. Rd4 Kf8 48. f5 Ke7 49. h3 Rb3+ 50. Kf4 h5 51. h4 Rc3 52. Re4 b5 53. e6 fxe6 54. Rxe6+ Kf7 55. Rd6 Ke7 56. Re6+ Kf7 57. Rd6 Ke7 58. Re6+ 1/2-1/2

[Event "World ol U16"]
[Site "Corum"]
[Date "2019.10.30"]
[Round "3.18"]
[White "Moazaz, Dhahir Habeeb"]
[Black "Tantipura, Noppakorn"]
[Result "0-1"]
[WhiteElo "2087"]
[BlackElo "1851"]
[PlyCount "64"]
[EventDate "2019.10.29"]
[EventType "team-swiss"]
[EventRounds "9"]
[EventCountry "TUR"]
[SourceTitle "CBM 192 Extra"]
[Source "Chessbase"]
[SourceDate "2019.11.06"]
[SourceVersion "1"]
[SourceVersionDate "2019.11.06"]
[SourceQuality "1"]
[WhiteTeam "Iraq"]
[BlackTeam "Thailand"]
[WhiteTeamCountry "IRQ"]
[BlackTeamCountry "THA"]

1. c4 b6 2. d4 Bb7 3. Nc3 e6 4. e4 Bb4 5. Bd3 f5 6. Qh5+ g6 7. Qe2 Nf6 8. f3 Nc6 9. e5 Nh5 10. Be3 d6 11. Rd1 0-0 12. a3 Bxc3+ 13. bxc3 dxe5 14. dxe5 Qe7 15. f4 Qxa3 16. Qc2 g5 17. Nh3 gxf4 18. Nxf4 Nxf4 19. Bxf4 Qc5 20. Qe2 Rad8 21. Rf1 Rf7 22. Bg5 Rdf8 23. Bf6 Rxf6 24. exf6 Rxf6 25. Bc2 Ne5 26. Rd4 Bc6 27. g4 Rg6 28. h3 h5 29. gxf5 Rg2 30. Qxh5 Nf3+ 31. Rxf3 Qe5+ 32. Kf1 Qe2# 0-1

[Event "World ol U16"]
[Site "Corum"]
[Date "2019.10.30"]
[Round "2.14"]
[White "Stefansson, Vignir Vatnar"]
[Black "Moazaz, Dhahir Habeeb"]
[Result "1-0"]
[WhiteElo "2327"]
[BlackElo "2087"]
[PlyCount "53"]
[EventDate "2019.10.29"]
[EventType "team-swiss"]
[EventRounds "9"]
[EventCountry "TUR"]
[SourceTitle "CBM 192 Extra"]
[Source "Chessbase"]
[SourceDate "2019.11.06"]
[SourceVersion "1"]
[SourceVersionDate "2019.11.06"]
[SourceQuality "1"]
[WhiteTeam "Iceland"]
[BlackTeam "Iraq"]
[WhiteTeamCountry "ISL"]
[BlackTeamCountry "IRQ"]

1. d4 d5 2. c4 c6 3. Nc3 Nf6 4. cxd5 cxd5 5. f3 e6 6. e4 dxe4 7. fxe4 Bb4 8. Qd3 Nc6 9. Nf3 0-0 10. a3 Ba5 11. Be2 Re8 12. e5 Nd5 13. 0-0 h6 14. Ne4 Bb6 15. Kh1 f5 16. exf6 Nxf6 17. Nxf6+ Qxf6 18. Ng5 Qxf1+ 19. Bxf1 hxg5 20. Qg6 Bd7 21. Bd3 Ne7 22. Qh7+ Kf7 23. Bxg5 Nf5 24. Qh5+ Kg8 25. d5 e5 26. Be4 Bd8 27. Bxd8 1-0

[Event "IRQ-ch"]
[Site "Baghdad"]
[Date "2018.06.28"]
[Round "2"]
[White "Moazaz, Dhahir Habeeb"]
[Black "Mohammed, Zozek Salah Mohamme"]
[Result "1-0"]
[WhiteElo "2046"]
[BlackElo "2261"]
[PlyCount "58"]
[EventDate "2018.06.27"]
[EventType "swiss"]
[EventRounds "11"]
[EventCountry "IRQ"]
[SourceTitle "EXT 2019"]
[Source "ChessBase"]
[SourceDate "2018.10.10"]
[SourceVersion "1"]
[SourceVersionDate "2018.10.10"]
[SourceQuality "1"]

1. c4 b6 2. Nc3 Bb7 3. d3 e6 4. e4 Bb4 5. Bd2 c5 6. a3 Bxc3 7. Bxc3 Nf6 8. e5 Ng8 9. Qg4 g6 10. Nf3 Nh6 11. Qf4 Nf5 12. Be2 Bxf3 13. Bxf3 Nc6 14. Rd1 Rc8 15. Bxc6 dxc6 16. 0-0 Rc7 17. g4 Qh4 18. Qg3 Qg5 19. Qg2 Nh4 20. Qg3 h5 21. f3 hxg4 22. fxg4 Qd8 23. Rf6 Rd7 24. b3 a6 25. Bb2 b5 26. Bc1 bxc4 27. bxc4 Rb7 28. g5 Qd4+ 29. Rf2 Qd8 1-0

[Event "Baghdad op 6th"]
[Site "Baghdad"]
[Date "2018.03.17"]
[Round "7"]
[White "Bayarmaa, Bayarjargal"]
[Black "Moazaz, Dhahir Habeeb"]
[Result "1-0"]
[WhiteElo "2222"]
[BlackElo "2076"]
[PlyCount "75"]
[EventDate "2018.03.14"]
[EventType "swiss"]
[EventRounds "9"]
[EventCountry "IRQ"]
[SourceTitle "CBM 183 Extra"]
[Source "ChessBase"]
[SourceDate "2018.04.19"]
[SourceVersion "1"]
[SourceVersionDate "2018.04.19"]
[SourceQuality "1"]

1. d4 d5 2. Nf3 Nf6 3. c4 c6 4. Nc3 e6 5. cxd5 exd5 6. Qc2 Bd6 7. Bg5 0-0 8. e3 Bg4 9. Ne5 Be6 10. Bd3 h6 11. Bh4 Be7 12. 0-0 Ng4 13. Bxe7 Qxe7 14. Nxg4 Bxg4 15. Rab1 Nd7 16. b4 Nf6 17. Qb3 Be6 18. Rfc1 Rfc8 19. Ne2 Ne4 20. Bxe4 dxe4 21. Qc2 a5 22. Qxe4 Qd7 23. Qe5 Bxa2 24. Rb2 axb4 25. Rxb4 b5 26. Ng3 Re8 27. Qf4 Bc4 28. Nf5 Bd3 29. Ng3 Ra2 30. Rb3 Bc4 31. Rbc3 Re6 32. Nh5 Qd8 33. h3 Bd5 34. Rb1 Rg6 35. e4 Bc4 36. Rxc4 Rd6 37. Rc3 Rxd4 38. Qg4 1-0

[Event "World ol U16"]
[Site "Ahmedabad"]
[Date "2017.12.17"]
[Round "8.1"]
[White "Plakwongsirikul, Sakkaranant"]
[Black "Moazaz, Dhahir Habeeb"]
[Result "0-1"]
[WhiteElo "1506"]
[BlackElo "2046"]
[PlyCount "98"]
[EventDate "2017.12.11"]
[EventType "team-swiss"]
[EventRounds "9"]
[EventCountry "IND"]
[SourceTitle "CBM 182 Extra"]
[Source "ChessBase"]
[SourceDate "2018.02.23"]
[SourceVersion "1"]
[SourceVersionDate "2018.02.23"]
[SourceQuality "1"]
[WhiteTeam "Thailand"]
[BlackTeam "Iraq"]
[WhiteTeamCountry "THA"]
[BlackTeamCountry "IRQ"]

1. e4 e5 2. Nf3 Nc6 3. Bb5 g6 4. c3 a6 5. Ba4 Bg7 6. d4 b5 7. Bc2 d6 8. h3 Nge7 9. 0-0 0-0 10. Be3 h6 11. Qd2 Kh7 12. dxe5 dxe5 13. Rd1 Qxd2 14. Nbxd2 f5 15. Bc5 Rd8 16. Nf1 Rxd1 17. Rxd1 f4 18. N1h2 Ng8 19. Ng4 Bxg4 20. hxg4 Rd8 21. Rxd8 Nxd8 22. Ne1 Nb7 23. Nd3 Nf6 24. f3 Nd7 25. Bf2 c5 26. b3 Bf8 27. a4 Bd6 28. Kf1 Kg7 29. Ke2 Kf6 30. Nb2 Bc7 31. Bd3 Nd6 32. Kd2 Ke7 33. Be2 Ke6 34. Nd3 Bb6 35. Nb2 Ke7 36. Kc2 Kd8 37. Nd3 Kc7 38. g3 bxa4 39. gxf4 axb3+ 40. Kb2 c4 41. Bxb6+ Nxb6 42. Nc5 exf4 43. Nxb3 cxb3 44. Kxb3 a5 45. Bd3 Nf7 46. c4 Ne5 47. Be2 Nbxc4 48. Bxc4 Nxc4 49. Kxc4 h5 0-1

[Event "World ol U16"]
[Site "Ahmedabad"]
[Date "2017.12.12"]
[Round "2.1"]
[White "Pandey, Aashish"]
[Black "Moazaz, Dhahir Habeeb"]
[Result "0-1"]
[WhiteElo "1541"]
[BlackElo "2046"]
[PlyCount "58"]
[EventDate "2017.12.11"]
[EventType "team-swiss"]
[EventRounds "9"]
[EventCountry "IND"]
[SourceTitle "CBM 182 Extra"]
[Source "ChessBase"]
[SourceDate "2018.02.23"]
[SourceVersion "1"]
[SourceVersionDate "2018.02.23"]
[SourceQuality "1"]
[WhiteTeam "Nepal II"]
[BlackTeam "Iraq"]
[WhiteTeamCountry "NEP"]
[BlackTeamCountry "IRQ"]

1. d4 d5 2. Bf4 Nf6 3. e3 c5 4. c3 Nc6 5. Nd2 Bf5 6. Ngf3 e6 7. Bb5 Qb6 8. Qb3 Nd7 9. Be2 Be7 10. 0-0 c4 11. Qxb6 axb6 12. a4 Bc2 13. Bd1 Bd3 14. Re1 0-0 15. Be2 Bxe2 16. Rxe2 b5 17. b3 cxb3 18. Nxb3 bxa4 19. Rea2 b5 20. Nbd2 a3 21. Nb1 Ra4 22. Nbd2 Rfa8 23. Ne5 Ndxe5 24. Bxe5 b4 25. Nb3 bxc3 26. Nc5 Bxc5 27. dxc5 Nxe5 28. Rc2 Rc4 29. Rac1 Nd3 0-1

[Event "World ol U16"]
[Site "Ahmedabad"]
[Date "2017.12.11"]
[Round "1.3"]
[White "Moazaz, Dhahir Habeeb"]
[Black "Lobanov, Sergei"]
[Result "0-1"]
[WhiteElo "2046"]
[BlackElo "2441"]
[PlyCount "74"]
[EventDate "2017.12.11"]
[EventType "team-swiss"]
[EventRounds "9"]
[EventCountry "IND"]
[SourceTitle "CBM 182 Extra"]
[Source "ChessBase"]
[SourceDate "2018.02.23"]
[SourceVersion "1"]
[SourceVersionDate "2018.02.23"]
[SourceQuality "1"]
[WhiteTeam "Iraq"]
[BlackTeam "Russia"]
[WhiteTeamCountry "IRQ"]
[BlackTeamCountry "RUS"]

1. c4 c5 2. Nc3 Nc6 3. g3 g6 4. Bg2 Bg7 5. Nf3 e5 6. d3 Nge7 7. 0-0 0-0 8. Ne1 d6 9. Nc2 Be6 10. Ne3 Qd7 11. a3 Rab8 12. Ned5 a6 13. Qa4 Kh8 14. Nxe7 Nxe7 15. Qxd7 Bxd7 16. Ne4 Nc8 17. b4 f5 18. Nc3 e4 19. Bd2 exd3 20. exd3 b5 21. Rab1 bxc4 22. dxc4 Nb6 23. Bd5 cxb4 24. Rxb4 a5 25. Rb3 a4 26. Rb4 Nxd5 27. Nxd5 Bc6 28. Rfb1 Rxb4 29. Rxb4 Bd4 30. Bc3 Bxc3 31. Nxc3 f4 32. Kf1 fxg3 33. hxg3 Rf3 34. Nb5 Rb3 35. Nd4 Rxb4 36. axb4 a3 37. Nc2 Be4 0-1

[Event "Asia-chT Cup U14"]
[Site "Jiaxing"]
[Date "2016.11.09"]
[Round "5.3"]
[White "Huang, Renjie"]
[Black "Moazaz, Dhahir Habeeb"]
[Result "1-0"]
[WhiteElo "2084"]
[BlackElo "2053"]
[PlyCount "57"]
[EventDate "2016.11.06"]
[EventType "swiss"]
[EventRounds "9"]
[EventCountry "CHN"]
[SourceTitle "EXT 2021"]
[Source "ChessBase"]
[SourceDate "2020.10.23"]
[SourceVersion "1"]
[SourceVersionDate "2020.10.23"]
[SourceQuality "1"]

1. e4 e5 2. Nf3 Nc6 3. Bb5 g6 4. 0-0 Bg7 5. c3 a6 6. Ba4 b5 7. Bb3 Nge7 8. d4 d6 9. dxe5 dxe5 10. Qe2 0-0 11. Rd1 Qe8 12. a4 b4 13. Bg5 bxc3 14. Nxc3 Bg4 15. Bxe7 Nxe7 16. h3 Bxf3 17. Qxf3 Nc6 18. Nd5 Ra7 19. Nf6+ Bxf6 20. Qxf6 Nd4 21. Bc4 Rb7 22. f4 Rxb2 23. fxe5 Nc2 24. Rd8 Qxd8 25. Bxf7+ Rxf7 26. Qxd8+ Rf8 27. Qd2 Rfb8 28. Rc1 Na3 29. Qd5+ 1-0

[Event "Asia-chT Cup U14"]
[Site "Jiaxing"]
[Date "2016.11.09"]
[Round "6.6"]
[White "Moazaz, Dhahir Habeeb"]
[Black "Fang, Kun"]
[Result "1-0"]
[WhiteElo "2053"]
[BlackElo "1320"]
[PlyCount "93"]
[EventDate "2016.11.06"]
[EventType "swiss"]
[EventRounds "9"]
[EventCountry "CHN"]
[SourceTitle "EXT 2021"]
[Source "ChessBase"]
[SourceDate "2020.10.23"]
[SourceVersion "1"]
[SourceVersionDate "2020.10.23"]
[SourceQuality "1"]

1. c4 e5 2. Nc3 Nf6 3. g3 Bc5 4. Bg2 c6 5. d3 h6 6. Nf3 d6 7. 0-0 0-0 8. a3 a5 9. b3 Be6 10. Bb2 Na6 11. h3 Re8 12. e3 Ba7 13. d4 e4 14. Nd2 d5 15. c5 b6 16. cxb6 Qxb6 17. Na4 Qb5 18. Re1 Nd7 19. Bf1 Qb7 20. Rc1 Rec8 21. Qe2 Bb6 22. Rc2 Nc7 23. Rec1 Nb5 24. Nb1 Nd6 25. Qd2 Nf5 26. Nbc3 Kh7 27. Ne2 g5 28. Kg2 Nf8 29. Nc5 Bxc5 30. dxc5 Ng6 31. Nd4 Qd7 32. Nxe6 Qxe6 33. Be2 Rd8 34. Qc3 Rg8 35. Bg4 Nge7 36. b4 axb4 37. axb4 Rab8 38. Ra1 Kg6 39. Ra6 d4 40. exd4 e3 41. Bxf5+ Nxf5 42. Qd3 Qd5+ 43. Kg1 Rxb4 44. g4 Kg7 45. Qxf5 Qxf5 46. gxf5 Rgb8 47. Bc3 1-0